[Event "Ding Liren-A"]
[Site "Gatineau CAN"]
[Date "2023.09.19"]
[Round "2"]
[White "Thibault, Mario"]
[Black "Masse-Garneau, Anthony"]
[Result "0-1"]
[WhiteElo "1692"]
[BlackElo "1519"]
[PlyCount "52"]
[EventDate "2023.09.12"]
[EventType "swiss"]
[EventRounds "5"]
[EventCountry "CAN"]

1. c4 e5 2. Nc3 Nf6 3. g3 c6 4. Bg2 d5 5. cxd5 cxd5 6. d4 exd4 7. Nb1 Nc6 8.
Nf3 Bc5 9. O-O Qb6 10. Nbd2 O-O 11. Nb3 Re8 12. Nxc5 Qxc5 13. a3 a5 14. Bf4 Qb5
15. Nxd4 Nxd4 16. Qxd4 Rxe2 17. Be5 Be6 18. Rac1 Re8 19. Rfe1 Rxe1+ 20. Rxe1
Bd7 21. Rd1 Qe2 22. Bxf6 gxf6 23. Qxd5 Bc6 24. Qb3 a4 25. Qd3 Qxd3 26. Rxd3
Re1+ 0-1

[Event "Ding Liren-A"]
[Site "Gatineau CAN"]
[Date "2023.09.19"]
[Round "2"]
[White "Thompson, Francis"]
[Black "Rioux, Jocelyn"]
[Result "1-0"]
[WhiteElo "1749"]
[BlackElo "1589"]
[PlyCount "75"]
[EventDate "2023.09.12"]
[EventType "swiss"]
[EventRounds "5"]
[EventCountry "CAN"]

1. c4 c6 2. Nf3 d5 3. e3 Bg4 4. h3 Bh5 5. Nc3 Nf6 6. cxd5 cxd5 7. Qa4+ Nbd7 8.
Ne5 e6 9. g4 Bg6 10. g5 a6 11. Nxg6 b5 12. Qh4 fxg6 13. gxf6 gxf6 14. a3 Ne5
15. Be2 Be7 16. d4 Nc4 17. Bxc4 dxc4 18. Qe4 Kf7 19. d5 exd5 20. Qxd5+ Qxd5 21.
Nxd5 Rhd8 22. Nxe7 Kxe7 23. Bd2 Rd3 24. O-O-O Rad8 25. Bb4+ Ke6 26. Rxd3 Rxd3
27. Rd1 Kf5 28. Rxd3 cxd3 29. f3 Kg5 30. Kd2 Kh4 31. Be7 Kxh3 32. Bxf6 Kg3 33.
f4 Kg4 34. Kxd3 Kf5 35. Bg5 h5 36. e4+ Ke6 37. Kd4 Kd6 38. b4 1-0

[Event "Ding Liren-A"]
[Site "Gatineau CAN"]
[Date "2023.09.26"]
[Round "3"]
[White "Azar, Sebastien"]
[Black "Bastien, Andre"]
[Result "1-0"]
[WhiteElo "2053"]
[BlackElo "1787"]
[PlyCount "71"]
[EventDate "2023.09.12"]
[EventType "swiss"]
[EventRounds "5"]
[EventCountry "CAN"]

1. e4 e5 2. Nf3 Nc6 3. Bb5 a6 4. Ba4 Nf6 5. O-O Bd6 6. d4 b5 7. Bb3 Bb7 8. Re1
O-O 9. c3 h6 10. Nbd2 Re8 11. Bc2 Bf8 12. Nxe5 Nxe5 13. dxe5 Rxe5 14. f4 Bc5+
15. Kh1 Re7 16. e5 Qe8 17. Rf1 Nh7 18. Ne4 Bb6 19. Qg4 Kh8 20. Qf5 g6 21. Qh3
h5 22. Qh4 Re6 23. Ng5 Nxg5 24. Qxg5 Qe7 25. Qh6+ Kg8 26. Bd2 Qh4 27. Bd1 Bc5
28. Be1 Qd8 29. Bb3 Bf8 30. Qg5 Be7 31. Qg3 h4 32. Qg4 d5 33. f5 Rb6 34. e6 f6
35. Qxg6+ Kh8 36. Rf4 1-0

[Event "Ding Liren-A"]
[Site "Gatineau CAN"]
[Date "2023.09.26"]
[Round "3"]
[White "Desjardins, Michel"]
[Black "Masse-Garneau, Anthony"]
[Result "0-1"]
[WhiteElo "1907"]
[BlackElo "1519"]
[PlyCount "74"]
[EventDate "2023.09.12"]
[EventType "swiss"]
[EventRounds "5"]
[EventCountry "CAN"]

1. e4 c5 2. Nf3 e6 3. d3 d5 4. Nbd2 Nf6 5. g3 Nc6 6. Bg2 Be7 7. O-O O-O 8. Re1
Re8 9. h3 a5 10. a4 Ra6 11. c3 Rb6 12. Qe2 Nd7 13. Nf1 dxe4 14. dxe4 e5 15. Ne3
Nf6 16. Nc4 Ra6 17. Nfxe5 Nxe5 18. Nxe5 Re6 19. Bf4 g5 20. Nxf7 Kxf7 21. Bxg5
Ng8 22. Rad1 Qc7 23. Bf4 Bd6 24. Qh5+ Kf8 25. Qf5+ Kg7 26. Qg5+ Kh8 27. Bxd6
Rxd6 28. Qh5 Bd7 29. e5 Rxd1 30. Rxd1 Bxa4 31. Rd6 Qg7 32. f4 Qxg3 33. Qf7 Re7
34. Qd5 Bc6 35. Rxc6 bxc6 36. Qxc6 Qxf4 37. Qxc5 Rxe5 0-1

[Event "Ding Liren-A"]
[Site "Gatineau CAN"]
[Date "2023.09.26"]
[Round "3"]
[White "Filion, Yves"]
[Black "Raymond, Daniel"]
[Result "0-1"]
[WhiteElo "1501"]
[BlackElo "1795"]
[PlyCount "44"]
[EventDate "2023.09.12"]
[EventType "swiss"]
[EventRounds "5"]
[EventCountry "CAN"]

1. e4 c5 2. Nf3 Nc6 3. d4 cxd4 4. Nxd4 Nf6 5. Nc3 e5 6. Nxc6 bxc6 7. Bc4 Bb4 8.
Bd2 O-O 9. Qf3 d5 10. exd5 e4 11. Nxe4 Re8 12. Bxb4 Rxe4+ 13. Be2 Bg4 14. Qxe4
Nxe4 15. Bxg4 Qb6 16. O-O Qxb4 17. dxc6 Qb6 18. Rae1 Nf6 19. Bd7 g6 20. Re7 Rd8
21. Rfe1 Qc7 22. Be8 Qxe7 0-1

[Event "Ding Liren-A"]
[Site "Gatineau CAN"]
[Date "2023.09.26"]
[Round "3"]
[White "Jacques, Olivier"]
[Black "Poitras, Sylvain"]
[Result "1/2-1/2"]
[WhiteElo "1302"]
[BlackElo "1380"]
[PlyCount "98"]
[EventDate "2023.09.12"]
[EventType "swiss"]
[EventRounds "5"]
[EventCountry "CAN"]
[TimeControl "90+30"]

1. e4 e6 2. d4 b6 3. Bd3 Bb7 4. Be3 Be7 5. Nd2 c5 6. c3 Nf6 7. Ngf3 Ng4 8. Bf4
O-O 9. O-O d6 10. h3 Nf6 11. Re1 d5 12. e5 Nfd7 13. Rc1 Nc6 14. Bb1 Re8 15. Qc2
Nf8 16. a3 f5 17. Nf1 Rc8 18. Qd3 Ng6 19. Bd2 Nh4 20. N1h2 c4 21. Qc2 Na5 22.
Ba2 Bc6 23. Ra1 Qd7 24. Reb1 Ba4 25. Qc1 Bb3 26. Bg5 Nxf3+ 27. Nxf3 Bxa2 28.
Rxa2 Nb3 29. Qe3 Bxg5 30. Qxg5 h6 31. Qg6 Qf7 32. Qxf7+ Kxf7 33. h4 Rg8 34. Rd1
Kg6 35. a4 Kh5 36. g3 g5 37. hxg5 hxg5 38. Nd2 f4 39. Nxb3 cxb3 40. Ra3 f3 41.
Kf1 Kg4 42. Ke1 Rh8 43. Kd2 Rh2 44. Ke3 Rch8 45. Raa1 Rg2 46. Rh1 Rhh2 47. Rxh2
Rxh2 48. Rf1 a6 49. Rg1 b5 1/2-1/2

[Event "Ding Liren-A"]
[Site "Gatineau CAN"]
[Date "2023.09.30"]
[Round "3"]
[White "Legault, Stephane"]
[Black "Chartrand, Alexis"]
[Result "1-0"]
[WhiteElo "1380"]
[BlackElo "1184"]
[PlyCount "71"]
[EventDate "2023.09.12"]
[EventType "swiss"]
[EventRounds "5"]
[EventCountry "CAN"]

1. e4 d6 2. d4 Nf6 3. Nc3 g6 4. Bb5+ c6 5. Be2 Bg7 6. h3 O-O 7. Be3 e5 8. Qd2
Re8 9. Nf3 b5 10. O-O-O b4 11. Nb1 Nxe4 12. Qxb4 Qb6 13. Qe1 c5 14. dxc5 Nxc5
15. Nc3 f5 16. Na4 Qc7 17. Nxc5 dxc5 18. Ng5 Bh6 19. Bc4+ Kh8 20. Nxh7 Qxh7 21.
Qa5 Bxe3+ 22. fxe3 Nd7 23. Rhf1 f4 24. exf4 exf4 25. Rxf4 Kg7 26. Rf7+ Kh8 27.
Rxh7+ Kxh7 28. Qc7 Kh6 29. Bb5 Re7 30. Bc6 Rb8 31. Bxd7 Rxd7 32. Rxd7 Bxd7 33.
Qxb8 a6 34. Qf8+ Kh5 35. Qxc5+ Kh4 36. Qe7+ 1-0

[Event "Ding Liren-A"]
[Site "Gatineau CAN"]
[Date "2023.10.03"]
[Round "3"]
[White "Seguin, Hubert"]
[Black "Thompson, Francis"]
[Result "0-1"]
[WhiteElo "1482"]
[BlackElo "1749"]
[PlyCount "62"]
[EventDate "2023.09.12"]
[EventType "swiss"]
[EventRounds "5"]
[EventCountry "CAN"]

1. e4 c6 2. d4 d5 3. e5 Bf5 4. Bd3 Bxd3 5. Qxd3 e6 6. Nf3 Qa5+ 7. Bd2 Qa6 8.
Qxa6 Nxa6 9. O-O c5 10. c3 Ne7 11. Na3 cxd4 12. cxd4 Nc6 13. Nb5 O-O-O 14. Rfc1
Kb8 15. a3 Rd7 16. b4 Nc7 17. Nxc7 Rxc7 18. Rc2 Nxe5 19. Rac1 Rxc2 20. Rxc2
Nxf3+ 21. gxf3 Bd6 22. b5 Rc8 23. Rxc8+ Kxc8 24. a4 a6 25. bxa6 bxa6 26. h4 Kd7
27. Kg2 Ba3 28. Bc3 h5 29. f4 Ke7 30. Kf3 Kf6 31. Bd2 Bb2 0-1

[Event "Ding Liren-A"]
[Site "Gatineau CAN"]
[Date "2023.09.26"]
[Round "3"]
[White "Simard, Francois"]
[Black "Lecorre, Joel"]
[Result "0-1"]
[WhiteElo "1447"]
[BlackElo "1528"]
[PlyCount "48"]
[EventDate "2023.09.12"]
[EventType "swiss"]
[EventRounds "5"]
[EventCountry "CAN"]

1. e4 e6 2. d4 d5 3. Nc3 Nf6 4. Bd3 c5 5. Nf3 c4 6. e5 cxd3 7. exf6 dxc2 8.
Qxc2 gxf6 9. O-O Bd7 10. Bf4 Na6 11. a3 Rc8 12. Rfe1 Nc7 13. Rac1 Nb5 14. Qb3
Nxc3 15. bxc3 Bc6 16. c4 dxc4 17. Rxc4 Bd5 18. Qb5+ Bc6 19. Qh5 Bxf3 20. Rxe6+
Be7 21. Rxe7+ Kxe7 22. Rxc8 Qxc8 23. Qc5+ Qxc5 24. dxc5 Bc6 0-1

[Event "Ding Liren-A"]
[Site "Gatineau CAN"]
[Date "2023.10.03"]
[Round "4"]
[White "Arseneault, Michel"]
[Black "Azar, Sebastien"]
[Result "0-1"]
[WhiteElo "1835"]
[BlackElo "2053"]
[PlyCount "108"]
[EventDate "2023.09.12"]
[EventType "swiss"]
[EventRounds "5"]
[EventCountry "CAN"]

1. c4 c6 2. b3 d5 3. Bb2 Bg4 4. g3 Nf6 5. Bg2 Nbd7 6. Nf3 e6 7. O-O Be7 8. d3
O-O 9. Nbd2 a5 10. a3 Re8 11. h3 Bh5 12. g4 Bg6 13. Nh4 Bd6 14. Nxg6 hxg6 15.
e4 dxe4 16. Nxe4 Nxe4 17. dxe4 Ne5 18. Qc2 Nd3 19. Rfd1 Nxb2 20. Qxb2 Qc7 21.
Rab1 c5 22. Qe2 Rad8 23. Bf3 Be5 24. Kg2 Qe7 25. Rxd8 Rxd8 26. Rd1 Rd4 27. Rxd4
cxd4 28. a4 b6 29. Qd2 Qd6 30. Qd3 Qd8 31. Qd2 Qd6 32. Qd3 Kh7 33. Be2 Bf4 34.
Bd1 e5 35. Be2 Qb4 36. Bf1 Kg8 37. Be2 Kf8 38. c5 Qxc5 39. Qa6 Qc6 40. Qa7 g5
41. Qb8+ Ke7 42. f3 Kf6 43. Bc4 Kg6 44. Qh8 Qd7 45. Qh5+ Kf6 46. Qh7 d3 47.
Qf5+ Qxf5 48. gxf5 d2 49. Be2 Ke7 50. Bd1 Kd6 51. Kf2 Kc5 52. Ke2 Kd4 53. Bc2
Kc3 54. Bd1 Kb2 0-1

[Event "Ding Liren-A"]
[Site "Gatineau CAN"]
[Date "2023.10.03"]
[Round "4"]
[White "Lecorre, Joel"]
[Black "Poitras, Sylvain"]
[Result "1/2-1/2"]
[WhiteElo "1528"]
[BlackElo "1380"]
[PlyCount "126"]
[EventDate "2023.09.12"]
[EventType "swiss"]
[EventRounds "5"]
[EventCountry "CAN"]
[TimeControl "90+30"]

1. e4 e6 2. d4 b6 3. Nc3 Bb7 4. Bd3 Nf6 5. Nf3 Bb4 6. Bg5 h6 7. Bxf6 Qxf6 8.
O-O Bxc3 9. bxc3 O-O 10. Re1 d6 11. Qe2 Nd7 12. Rab1 Rfe8 13. Bb5 Qd8 14. Ba6
Qc8 15. Bxb7 Qxb7 16. c4 c5 17. c3 Rac8 18. Nd2 Nf8 19. Qe3 Ng6 20. Rb2 Ne7 21.
Nb3 Qc7 22. Qd3 cxd4 23. Nxd4 Qxc4 24. Qxc4 Rxc4 25. Nb5 Ra8 26. Rb3 Rc6 27.
Rd1 d5 28. e5 Nf5 29. g4 Nh4 30. Rd3 Ng6 31. Rf3 Nxe5 32. Rf4 a6 33. Nd4 Rd6
34. h4 Nc4 35. g5 e5 36. Nf5 exf4 37. Nxd6 Nxd6 38. Rxb6 Nf5 39. gxh6 gxh6 40.
Rf6 Nxh4 41. Rxf4 Ng6 42. Rf6 a5 43. Rd6 Nf4 44. Kf1 h5 45. f3 Kf8 46. Rf6 Ne6
47. Rh6 Ke7 48. Rxh5 Kd6 49. Rf5 Ra7 50. Ke2 Nc5 51. Kd2 Ke6 52. Rh5 f5 53.
Rh6+ Ke5 54. Rc6 Ne6 55. Rc8 Ng5 56. Ke3 a4 57. f4+ Kf6 58. fxg5+ Kxg5 59. Rg8+
Kf6 60. Kf4 Re7 61. Rf8+ Kg6 62. Rg8+ Kf6 63. Rf8+ Kg6 1/2-1/2

[Event "Ding Liren-A"]
[Site "Gatineau CAN"]
[Date "2023.10.03"]
[Round "4"]
[White "Masse-Garneau, Anthony"]
[Black "Raymond, Daniel"]
[Result "1-0"]
[WhiteElo "1519"]
[BlackElo "1795"]
[PlyCount "93"]
[EventDate "2023.09.12"]
[EventType "swiss"]
[EventRounds "5"]
[EventCountry "CAN"]

1. e4 c5 2. Nf3 Nc6 3. d4 cxd4 4. Nxd4 Nf6 5. Nc3 e5 6. Ndb5 d6 7. Bg5 a6 8.
Na3 b5 9. Nd5 Be7 10. Bxf6 Bxf6 11. c3 Rb8 12. Nc2 Bg5 13. Nce3 Bxe3 14. Nxe3
O-O 15. Be2 Be6 16. O-O Ne7 17. Bf3 Qb6 18. Qd2 Rfd8 19. Rfd1 g6 20. b3 Kh8 21.
Rac1 f5 22. exf5 gxf5 23. Nd5 Bxd5 24. Bxd5 Qc5 25. c4 Nxd5 26. Qxd5 Qxd5 27.
cxd5 Rbc8 28. Rc6 Rxc6 29. dxc6 d5 30. Kf1 d4 31. Ke2 Kg7 32. c7 Rc8 33. Rc1
Kf7 34. Rc6 a5 35. Kd3 Ke7 36. Rh6 Rxc7 37. Rxh7+ Kd6 38. Rxc7 Kxc7 39. h4 Kd6
40. f4 e4+ 41. Kxd4 Ke6 42. g4 Kf6 43. a3 e3 44. g5+ Kg6 45. Kxe3 a4 46. b4 Kh5
47. Kd4 1-0

[Event "Ding Liren-A"]
[Site "Gatineau CAN"]
[Date "2023.10.03"]
[Round "4"]
[White "Palsson, Halldor"]
[Black "Desjardins, Michel"]
[Result "1/2-1/2"]
[WhiteElo "1908"]
[BlackElo "1907"]
[PlyCount "46"]
[EventDate "2023.09.12"]
[EventType "swiss"]
[EventRounds "5"]
[EventCountry "CAN"]

1. d4 d5 2. c4 c6 3. Nf3 Nf6 4. Nc3 a6 5. c5 Nbd7 6. Bf4 Nh5 7. Bg5 h6 8. Bd2
g6 9. e4 dxe4 10. Nxe4 Bg7 11. Bc4 O-O 12. O-O Ndf6 13. Nc3 Bg4 14. Be3 e6 15.
h3 Bxf3 16. Qxf3 Nd5 17. Ne4 Nhf6 18. Nd6 b5 19. Be2 Ne8 20. Ne4 Nef6 21. Nd6
Ne8 22. Ne4 Nef6 23. Nd6 Ne8 1/2-1/2

[Event "Ding Liren-A"]
[Site "Gatineau CAN"]
[Date "2023.10.03"]
[Round "4"]
[White "Rioux, Jocelyn"]
[Black "Filion, Yves"]
[Result "1-0"]
[WhiteElo "1589"]
[BlackElo "1501"]
[PlyCount "59"]
[EventDate "2023.09.12"]
[EventType "swiss"]
[EventRounds "5"]
[EventCountry "CAN"]

1. d4 d5 2. Bf4 Bf5 3. e3 e6 4. Nf3 Bd6 5. Bg3 Bxg3 6. hxg3 Nc6 7. Bd3 Bxd3 8.
Qxd3 Nf6 9. Nbd2 Qd6 10. c3 h6 11. O-O-O O-O-O 12. Rh4 g5 13. Rhh1 Ng4 14. Qe2
f5 15. Rh3 Nf6 16. Ne1 e5 17. dxe5 Nxe5 18. Nd3 Nfg4 19. Rdh1 Nxd3+ 20. Qxd3
Nxf2 21. Qxf5+ Kb8 22. Qxf2 Rdf8 23. Qe2 Rf6 24. g4 Re8 25. Rf3 Rfe6 26. Rhf1
Qc5 27. Nb3 Qb6 28. Nd4 Re4 29. Rf8 Rxe3 30. Rxe8+ 1-0

[Event "Ding Liren-A"]
[Site "Gatineau CAN"]
[Date "2023.10.03"]
[Round "4"]
[White "Simard, Francois"]
[Black "Jacques, Olivier"]
[Result "0-1"]
[WhiteElo "1447"]
[BlackElo "1302"]
[PlyCount "98"]
[EventDate "2023.09.12"]
[EventType "swiss"]
[EventRounds "5"]
[EventCountry "CAN"]
[TimeControl "5400+30"]

1. e4 d5 2. exd5 Qxd5 3. Nf3 Bg4 4. Nc3 Qd7 5. Be2 Nc6 6. O-O O-O-O 7. Re1 e5
8. d3 h5 9. Be3 f6 10. a3 Nge7 11. b4 h4 12. Nd2 Bxe2 13. Qxe2 h3 14. g3 Nd4
15. Bxd4 Qxd4 16. Nce4 Nf5 17. Qg4 Qd7 18. Nb3 Nd4 19. Qxd7+ Rxd7 20. Nxd4 Rxd4
21. Kf1 Be7 22. f3 f5 23. Nf2 Bf6 24. Rad1 Kd7 25. c4 Kc6 26. Re3 f4 27. gxf4
Rxf4 28. Ne4 Be7 29. b5+ Kb6 30. a4 g5 31. Ke2 Rhf8 32. Rg1 Rg8 33. Rg3 Ka5 34.
Rxh3 Kxa4 35. Nc3+ Ka5 36. Nd5 Bc5 37. Rxe5 Rh4 38. Rxh4 gxh4 39. Nxc7 Rg2+ 40.
Kd1 Bd6 41. b6+ Kxb6 42. Nd5+ Kc5 43. Ne3+ Bxe5 44. Nxg2 h3 45. Ne1 Bxh2 46.
Ke2 Bg3 47. Kf1 Bxe1 48. Kg1 a5 49. Kh2 a4 0-1

[Event "Ding Liren-A"]
[Site "Gatineau CAN"]
[Date "2023.10.03"]
[Round "4"]
[White "Thibault, Mario"]
[Black "Fiset, Anais Chloe"]
[Result "0-1"]
[WhiteElo "1692"]
[BlackElo "1849"]
[PlyCount "64"]
[EventDate "2023.09.12"]
[EventType "swiss"]
[EventRounds "5"]
[EventCountry "CAN"]

1. c4 e6 2. g3 d5 3. cxd5 exd5 4. Nf3 Bd6 5. Bg2 Nf6 6. d3 O-O 7. O-O Bg4 8. h3
Bh5 9. b3 Nbd7 10. Bb2 c6 11. Nbd2 Re8 12. Re1 Qc7 13. Qc2 h6 14. e4 Bg6 15.
Qc3 dxe4 16. dxe4 Ne5 17. Nd4 a5 18. a3 Rad8 19. f4 Bc5 20. Qxc5 Nd3 21. Qc3
Nxe1 22. Rxe1 Re7 23. Kh2 Red7 24. Qc4 Nh5 25. e5 Qb6 26. N2f3 c5 27. f5 cxd4
28. fxg6 Qxg6 29. e6 Qxg3+ 30. Kg1 Nf4 31. exf7+ Rxf7 32. Qc2 Nxh3+ 0-1

[Event "Ding Liren-A"]
[Site "Gatineau CAN"]
[Date "2023.10.10"]
[Round "5"]
[White "Azar, Sebastien"]
[Black "Latreille, Etienne"]
[Result "0-1"]
[WhiteElo "2053"]
[BlackElo "2094"]
[PlyCount "97"]
[EventDate "2023.09.12"]
[EventType "swiss"]
[EventRounds "5"]
[EventCountry "CAN"]
[TimeControl "90+30"]

1. d4 d5 2. c4 c6 3. Nf3 Nf6 4. Qc2 dxc4 5. Qxc4 Bf5 6. Nc3 e6 7. g3 b5 8. Qb3
b4 9. Na4 Qd5 10. Bf4 Be4 11. Bg2 Be7 12. O-O Nbd7 13. Rfc1 Qb5 14. Qd1 O-O 15.
Ne1 Bxg2 16. Kxg2 Rfd8 17. Qc2 Rac8 18. Nc5 Nxc5 19. dxc5 Rd5 20. Nd3 Nd7 21.
Qc4 Qxc4 22. Rxc4 e5 23. Be3 a5 24. a3 b3 25. Rac1 Rb8 26. Bd2 f5 27. f3 e4 28.
fxe4 fxe4 29. Rxe4 Bxc5 30. Bc3 Bd6 31. Rf1 Rf8 32. Rxf8+ Kxf8 33. Nf4 Nc5 34.
Ne6+ Nxe6 35. Rxe6 Kf7 36. Re4 Rc5 37. Re3 a4 38. Kf3 Rc4 39. Kg2 Bc5 40. Rf3+
Ke6 41. Kf1 Bd4 42. Bxd4 Rxd4 43. Rc3 Kd5 44. Ke1 g5 45. Rd3 g4 46. Kd2 Ke4 47.
Kc3 c5 48. Rd2 Ke3 49. Rd3+ 0-1

[Event "Ding Liren-A"]
[Site "Gatineau CAN"]
[Date "2023.10.10"]
[Round "5"]
[White "Filion, Samuel"]
[Black "Legault, Stephane"]
[Result "1-0"]
[WhiteElo "1492"]
[BlackElo "1380"]
[PlyCount "73"]
[EventDate "2023.09.12"]
[EventType "swiss"]
[EventRounds "5"]
[EventCountry "CAN"]

1. e4 c5 2. c3 Nc6 3. d4 cxd4 4. cxd4 d6 5. Bb5 Bd7 6. Nf3 a6 7. Ba4 e6 8. O-O
Be7 9. Nc3 b5 10. Bc2 Nf6 11. Re1 O-O 12. Bg5 b4 13. Ne2 d5 14. e5 Ne8 15. Qd3
g6 16. Bd2 Ng7 17. Qe3 a5 18. Qh6 b3 19. axb3 Nb4 20. Bb1 Bb5 21. Bg5 Nf5 22.
Bxf5 exf5 23. Nc3 f6 24. exf6 Bxf6 25. Nxb5 Qb6 26. Bxf6 Rxf6 27. Re7 Rf7 28.
Rxf7 Kxf7 29. Ng5+ Kf6 30. Nxh7+ Kf7 31. Ng5+ Kf6 32. Re1 Ra6 33. Re6+ Qxe6 34.
Nxe6 Rxe6 35. Qf8+ Kg5 36. h4+ Kg4 37. Qh6 1-0

[Event "Ding Liren-A"]
[Site "Gatineau CAN"]
[Date "2023.10.10"]
[Round "5"]
[White "Masse-Garneau, Anthony"]
[Black "Fiset, Anais Chloe"]
[Result "1/2-1/2"]
[WhiteElo "1519"]
[BlackElo "1849"]
[PlyCount "58"]
[EventDate "2023.09.12"]
[EventType "swiss"]
[EventRounds "5"]
[EventCountry "CAN"]

1. e4 c6 2. d4 d5 3. exd5 cxd5 4. c4 Nf6 5. Nc3 Nc6 6. Nf3 a6 7. cxd5 Nxd5 8.
Bc4 Be6 9. Qe2 g6 10. Be3 Bg7 11. O-O O-O 12. Rfd1 Rc8 13. Nxd5 Bxd5 14. Bxd5
Qxd5 15. b3 Rfd8 16. Rac1 Qe4 17. Qd3 Qxd3 18. Rxd3 Rd5 19. Rc5 Rcd8 20. Rxd5
Rxd5 21. Rd2 e6 22. Kf1 Rb5 23. Ke2 a5 24. Rc2 a4 25. bxa4 Rb4 26. a5 Ra4 27.
Rb2 Rxa5 28. Rxb7 Rxa2+ 29. Kd3 Ra3+ 1/2-1/2

[Event "Ding Liren-A"]
[Site "Gatineau CAN"]
[Date "2023.10.10"]
[Round "5"]
[White "Poitras, Sylvain"]
[Black "Filion, Yves"]
[Result "0-1"]
[WhiteElo "1380"]
[BlackElo "1501"]
[PlyCount "52"]
[EventDate "2023.09.12"]
[EventType "swiss"]
[EventRounds "5"]
[EventCountry "CAN"]

1. b3 e5 2. Bb2 f6 3. c4 Bc5 4. e3 Nc6 5. Ne2 Nge7 6. a3 a6 7. d4 exd4 8. Nxd4
d5 9. Nxc6 bxc6 10. Be2 O-O 11. O-O Be6 12. b4 Ba7 13. c5 Ng6 14. Bxa6 Bxc5 15.
Bb7 Rb8 16. Bxc6 Bb6 17. Ba4 Qd6 18. Nd2 Ne5 19. Nf3 Bg4 20. Bb3 c6 21. e4 Rbd8
22. exd5 cxd5 23. a4 Kh8 24. Ba3 Bc7 25. b5 Nxf3+ 26. gxf3 Qxh2# 0-1

[Event "Ding Liren-A"]
[Site "Gatineau CAN"]
[Date "2023.10.10"]
[Round "5"]
[White "Raymond, Daniel"]
[Black "Lecorre, Joel"]
[Result "1/2-1/2"]
[WhiteElo "1795"]
[BlackElo "1526"]
[PlyCount "67"]
[EventDate "2023.09.12"]
[EventType "swiss"]
[EventRounds "5"]
[EventCountry "CAN"]

1. e4 e6 2. d4 d5 3. exd5 exd5 4. Nf3 Bd6 5. c4 c6 6. Nc3 Ne7 7. Bd3 dxc4 8.
Bxc4 O-O 9. O-O Bg4 10. h3 Bh5 11. Re1 Nd7 12. Ne4 Bb4 13. Bd2 Bxd2 14. Nexd2
Nb6 15. Be2 Ned5 16. Qb3 f6 17. a3 Bf7 18. Qc2 Bg6 19. Bd3 Bxd3 20. Qxd3 Qd7
21. Ne4 Nf4 22. Qd2 Nbd5 23. Nc5 Qc8 24. Re4 b6 25. Nd3 Nxd3 26. Qxd3 Qd7 27.
Rae1 Rfe8 28. Nh4 g6 29. Qf3 Kf7 30. g4 Rxe4 31. Rxe4 Re8 32. Kf1 Rxe4 33. Qxe4
Qe6 34. Qf3 1/2-1/2

[Event "Ding Liren-B"]
[Site "Gatineau CAN"]
[Date "2023.09.12"]
[Round "1"]
[White "Arcand, Pierre"]
[Black "Gagne, Raphael"]
[Result "1-0"]
[WhiteElo "1171"]
[BlackElo "1143"]
[PlyCount "77"]
[EventDate "2023.09.12"]
[EventType "swiss"]
[EventRounds "5"]
[EventCountry "CAN"]

1. e4 e5 2. Nf3 Nc6 3. Bb5 a6 4. Ba4 Nf6 5. Nc3 Bc5 6. h3 O-O 7. d3 h6 8. Bxc6
dxc6 9. Nxe5 Qd4 10. Be3 Qxe5 11. Bxc5 Qxc5 12. O-O Qd4 13. Qf3 Re8 14. Rfe1
Bd7 15. Rab1 Re7 16. Ne2 Qe5 17. Ng3 Qc5 18. c3 Rae8 19. d4 Qd6 20. e5 Qd5 21.
Qd1 Qxa2 22. b3 b5 23. Re2 Qa3 24. exf6 Rxe2 25. Nxe2 gxf6 26. b4 Be6 27. Ra1
Bb3 28. Rxa3 Bxd1 29. Nf4 Re1+ 30. Kh2 Ba4 31. Nh5 f5 32. Nf6+ Kg7 33. Nd7 Re8
34. Nc5 Ra8 35. Nxa4 bxa4 36. Rxa4 f4 37. Ra5 Kf6 38. Rc5 Ke7 39. Rxc6 1-0

[Event "Ding Liren-B"]
[Site "Gatineau CAN"]
[Date "2023.09.12"]
[Round "1"]
[White "De Carufel-Lebeau, Lucas"]
[Black "Fiset, Daniel"]
[Result "0-1"]
[WhiteElo "1235"]
[BlackElo "1331"]
[PlyCount "108"]
[EventDate "2023.09.12"]
[EventType "swiss"]
[EventRounds "5"]
[EventCountry "CAN"]

1. Nf3 d5 2. g3 Nf6 3. d4 Bg4 4. Bg2 e6 5. c3 Be7 6. Qa4+ c6 7. b4 b5 8. Qc2
Nbd7 9. Ne5 Bf5 10. Nd3 O-O 11. O-O Nb6 12. Re1 Nc4 13. a4 a6 14. a5 Qc7 15. e3
Bd6 16. f4 Rfe8 17. Nd2 Ne4 18. Nf3 f6 19. Qe2 Nxc3 20. Qf1 Ne4 21. g4 Bxg4 22.
h3 Bf5 23. h4 Nc3 24. h5 Bxd3 25. Qxd3 Bxb4 26. Nh4 Ne4 27. Ba3 Nxa3 28. Rf1
Qxa5 29. Bxe4 dxe4 30. Qxe4 f5 31. Qg2 Bd2 32. h6 Bxe3+ 33. Kh1 Bxd4 34. Rad1
Qd8 35. Qg3 b4 36. Rd2 c5 37. Rfd1 Re7 38. Rh2 b3 39. Qxb3 Qd5+ 40. Qxd5 exd5
41. Nxf5 Re4 42. hxg7 Rae8 43. Nh6+ Kxg7 44. Nf5+ Kf6 45. Nxd4 Re1+ 46. Rxe1
Rxe1+ 47. Kg2 cxd4 48. Kf3 Re3+ 49. Kg4 d3 50. Rh6+ Ke7 51. Rxa6 d2 52. Ra7+
Kd6 53. Ra6+ Kc7 54. Ra7+ Kb6 0-1

[Event "Ding Liren-B"]
[Site "Gatineau CAN"]
[Date "2023.09.12"]
[Round "1"]
[White "Gagnon, Daniel"]
[Black "Tremblay, Martin"]
[Result "1-0"]
[WhiteElo "1180"]
[BlackElo "1295"]
[PlyCount "121"]
[EventDate "2023.09.12"]
[EventType "swiss"]
[EventRounds "5"]
[EventCountry "CAN"]

1. d4 d5 2. c4 dxc4 3. a4 Nc6 4. e4 Qxd4 5. Nc3 Qxd1+ 6. Kxd1 Bg4+ 7. f3 O-O-O+
8. Bd2 Be6 9. Nge2 Nf6 10. Nf4 Na5 11. Nxe6 fxe6 12. Kc2 e5 13. Nb5 Nb3 14. Rd1
a6 15. Nc3 Na5 16. Be2 e6 17. Bg5 Be7 18. Bh4 Rd4 19. Bf2 Rd7 20. Rxd7 Nxd7 21.
Rd1 Nc5 22. Bg3 Bd6 23. Bf2 Ncb3 24. Bxc4 Nxc4 25. Kxb3 Na5+ 26. Kc2 Rd8 27.
Ne2 Bb4 28. Rxd8+ Kxd8 29. Nc1 Nc6 30. Kb3 a5 31. Nd3 Bd6 32. Nc5 Bxc5 33. Bxc5
b6 34. Be3 Nd4+ 35. Kc4 c5 36. f4 exf4 37. Bxd4 cxd4 38. Kxd4 Kd7 39. Ke5 g5
40. Kf6 h6 41. Kg6 Kd6 42. Kxh6 Ke5 43. Kxg5 Kxe4 44. h4 f3 45. gxf3+ Kxf3 46.
h5 e5 47. h6 e4 48. h7 e3 49. h8=Q e2 50. Qc3+ Kf2 51. Qd2 Kf1 52. Qd3 Kf2 53.
Qd4+ Kf1 54. Qf4+ Ke1 55. Kg4 Kd1 56. Qd4+ Ke1 57. Qc3+ Kf1 58. Qd3 Ke1 59. Kf3
Kf1 60. Qxe2+ Kg1 61. Qg2# 1-0

[Event "Ding Liren-B"]
[Site "Gatineau CAN"]
[Date "2023.09.12"]
[Round "1"]
[White "Laflamme, Mathieu"]
[Black "Simard, Paul"]
[Result "1/2-1/2"]
[WhiteElo "1441"]
[BlackElo "1271"]
[PlyCount "72"]
[EventDate "2023.09.12"]
[EventType "swiss"]
[EventRounds "5"]
[EventCountry "CAN"]
[TimeControl "60+30"]

1. d4 d5 2. c4 c6 3. Nc3 Nf6 4. Nf3 Bf5 5. Bg5 e6 6. e3 Be7 7. cxd5 cxd5 8.
Bb5+ Nbd7 9. Ne5 O-O 10. Bxf6 Nxe5 11. Bxe5 a6 12. Bd3 Bxd3 13. Qxd3 Rc8 14.
Rc1 b5 15. O-O Bg5 16. a3 h6 17. Na2 Ra8 18. Rfe1 f6 19. Bg3 f5 20. Bf4 Be7 21.
Nb4 Bxb4 22. axb4 Qe7 23. Qd2 Rfc8 24. Rc2 Rxc2 25. Qxc2 Qxb4 26. Rc1 Kh7 27.
Be5 Ra7 28. g4 Qe7 29. gxf5 Qg5+ 30. Kh1 exf5 31. Rg1 Qh5 32. Qc5 Qf3+ 33. Rg2
Qd1+ 34. Rg1 Qf3+ 35. Rg2 Qd1+ 36. Rg1 Qf3+ 1/2-1/2